EPL Team Nicknames - Statistics

General Stats
  • This quiz has been taken 88 times
  • The average score is 14 of 20
Answer Stats
Picture Answer % Correct
Arsenal
96%
Wolves
94%
Manchester United
87%
Brighton
86%
West Ham
83%
Brentford
82%
Liverpool
81%
Chelsea
77%
Aston Villa
73%
Nottingham Forest
71%
Sheffield
71%
Newcastle
68%
Everton
66%
Bournemouth
65%
Burnley
65%
Fulham
61%
Crystal Palace
60%
Luton Town
56%
Manchester City
49%
Tottenham
36%
No matching quizzes found
Score Distribution
Percent of People with Each Score
Percentile by Number Answered
Your Score History
You have not taken this quiz